000 00355nam a2200145Ia 4500
008 220204s9999 xx 000 0 und d
020 _a643067892
082 _a578
_bHAD
100 _aHadidi, Ahmed
245 0 _aViroids
260 _aAustralia
_bCSIRO Publishing
_c2003
650 _aGene silencing
650 _aPolymerase chain reaction
942 _cBK
999 _c42431
_d42431